| 000 | 02437nam a22005294i 4500 | ||
|---|---|---|---|
| 003 | PE-LiUPU | ||
| 005 | 20250731184535.0 | ||
| 008 | 170811s2016 pe a rb 001 0 spa d | ||
| 020 | _a6124121190 | ||
| 020 | _a9786124121197 | ||
| 035 | _a(Sirsi) a238240 | ||
| 040 |
_aPE-LiUPU _bspa _cPE-LiUPU _erda |
||
| 041 | 1 |
_aspa _heng |
|
| 049 | _aPRUA | ||
| 082 |
_a985.019 _bA68 _220 |
||
| 100 | 1 |
_aBauer, Brian, _eautor. |
|
| 245 | 1 | 3 |
_aEl espacio sagrado de los incas : _bel sistema de Ceques del Cuzco / _cBrian S. Bauer. |
| 250 | _a2a edición, actualizada y con nuevos apéndices. | ||
| 264 |
_aLima : _bCentro de Estudios Regionales Andinos Bartolomé de las Casas, _c2016. |
||
| 300 |
_a255 páginas : _bilustraciones ; _c29 centímetros |
||
| 336 |
_atext _2rdacontent |
||
| 337 |
_aunmediated _2rdamedia |
||
| 338 |
_avolume _2rdacarrier |
||
| 504 | _aBibliografía : páginas 236-249. | ||
| 504 | _aÍndices: páginas 250-255. | ||
| 505 | _aLos santuarios y ceques del Cuzco -- La organización del Cuzco y el sistema de ceques -- Estudios del sistema de ceques -- El manuscrito original del sistema de ceques -- Huacas -- La organización social del Cuzco y su sistema de ceques -- Las huacas y ceques del Chinchaysuyu -- Las huacas y ceques del Antisuyu -- Las huacas y ceques del Collasuyu -- Las huacas y ceques del Cuntisuyu -- Albornoz y el sistema de ceques del Cuzco -- Sistemas de huacas y ceques: pasado y presente -- El sistema de ceques del Cuzco: balance general. | ||
| 526 | _aP136 | ||
| 526 | _aP135 | ||
| 526 | _aP134 | ||
| 526 | _aP133 | ||
| 526 | _aP144 | ||
| 526 | _aP143 | ||
| 526 | _aP87 | ||
| 526 | _aP35 | ||
| 526 | _aP20 | ||
| 526 | _aP14 | ||
| 526 | _aP10 | ||
| 526 | _aP06 | ||
| 534 |
_aTitulo original : _tThe Sacred Landscape of the Inca. The Cusco ceque system. |
||
| 910 |
_ajck _bjvq _cwmm _d20170811 |
||
| 942 |
_2ddc _cBOOK |
||
| 949 |
_a985.019 A68 _wDEWEY _c1 _i72726 _lCATALOGING _mBUL _p19.99 _r0 _sY _tBOOK _u2017-08-11 _xINGENIERIA _PP06 _0COMPRA _o.STAFF. Colección Ingeniería y Arquitectura |
||
| 994 |
_aC0 _bPEPRU |
||
| 596 | _a1 | ||
| 999 |
_a985.019 A68 _wDEWEY _c24942 _i76726 _d24942 _e2018-5-11 _f2021-11-10 _g4 _lCCODEBUL1 _mBUL _n1 _p19.99 _r0 _sY _tBOOK _u2017-8-11 _xINGENIERIA _PP06 _0COMPRA _o.STAFF. Colección Ingeniería y Arquitectura |
||
| 980 |
_81 _gALBERTO SANCHEZ Responsable de Automatización |
||